000 00257nam a22001097a 4500
008 160507b xxu||||| |||| 00| 0 eng d
020 _a1585280887
041 _aeng
080 _a615
245 _aClinical pharmacokinetics:
_cJohn E. Murphy;
942 _2udc
_cBK
999 _c1904
_d1904